| 000 | 00712nam a22001937a 4500 | ||
|---|---|---|---|
| 003 | OSt | ||
| 005 | 20240610105631.0 | ||
| 008 | 240610b ||||| |||| 00| 0 eng d | ||
| 040 | _cAIMIT LIBRARY | ||
| 100 |
_aJ Yamini. _e2016153 _9169810 |
||
| 245 |
_aImpact of current asset on working capital of pishon water cooler ltd / _cBy Yamini J ; Guided by Pooja Nagpal. |
||
| 260 |
_aTamilnadu ; _c2022. |
||
| 650 |
_aIndustry profile company profile and introduction to study _9169811 |
||
| 650 |
_aProblem formulation and literature review _9169812 |
||
| 650 |
_aProblem specification _9169813 |
||
| 700 |
_aNagpal, Pooja. _eGuide _9169814 |
||
| 856 |
_3Pishon ; _uwww.pishons.in _ywww.pishon.in |
||
| 942 |
_2ddc _cPRO |
||
| 999 |
_c231095 _d231095 |
||